000 00866nam a2200265Ia 4500
003 OSt
005 20220918171425.0
006 a|||||r|||| 00| 0
007 ta
008 220917b |||||||| |||| 00| 0 eng d
020 _a9781783091980 (pbk)
_c3059.98
024 _a287,049
037 _b2381, 04/12/2015, Govinda Book House
_cTextual
040 _aARTS
_cARTS
_beng
041 _2eng
_aeng
082 _aP:(T:3,32), Q4
100 _aWeber Jean-Jacques
_936475
245 0 _aFlexible multilingual education
_b Putting children's needs first
260 _aBristol
_bMultilingual Matters UK
_c2014
300 _avii, 218p.
_ccm.
490 _aNew perspectives on language and education
650 _aLINGUISTICS
942 _hP:(T:3,32), Q4
_cTEXL
_2CC
999 _c139508
_d139508